JR 1面1線の駅サドンデス - Statistics

General Stats
  • This quiz has been taken 644 times
  • The average score is 3 of 14
Answers on the Grid
Answers color-coded by a green-red scale on the quiz's grid according to % correct below.
稚内
根室
北海道医療大学
鵡川
大湊
男鹿
女川
利府
左沢
日光
奥多摩
ガーラ湯沢
武豊
美濃赤坂
城端
九頭竜湖
東羽衣
宇野
境港
あき亀山
仙崎
博多南
鳴門
阿波海南(JR)
若松
西唐津
三角
宮崎空港
 
Answer Stats
Answer % Correct
稚内
82%
根室
48%
博多南
24%
九頭竜湖
20%
女川
17%
美濃赤坂
15%
鵡川
14%
東羽衣
13%
阿波海南(JR)
13%
左沢
11%
仙崎
10%
三角
10%
西唐津
9%
武豊
8%
No matching quizzes found
Score Distribution
Percent of People with Each Score
Percentile by Number Answered
Your Score History
You have not taken this quiz